000 00324nam a2200133 i 4500
001 bg
100 1 _aHUEBNER, Bennath
245 0 _aThe Finite Element Method for Engineers /
_cBennath Huebner.
260 _aNew York,
_c1975.
040 _cBPK
041 _apol
942 _cKS
008 s pl f |000 0 pol
999 _c16811
_d16811
856 _uhttp://koha.tu.koszalin.pl/cgi-bin/koha/opac-detail.pl?biblionumber=16811
_yKatalog online BPK